000 01180nam a22003497a 4500
003 CHAP
005 20220329133736.0
008 971013s1983 r 00010 d
010 _a10199
011 _a11171
035 _a10409
040 _cCHAP
090 _aTesis
100 0 0 _aAceves Rodríguez, José de Jesús.
_9535
245 _aEnfermedades del duraznero (Prunus persica (L.) Batsch) en Tetela del Volcán, Morelos
260 _aChapingo, Méx. :
_bEl autor,
_c1983
300 _a76 h.
_b: gráfs.
502 _aTesis (M.C. Esp. en Fitopatología) -- Colegio de Postgraduados
590 _aALEPH
_b10
_c20130110
_lUCH01
_h1226
590 _aBATCH-UPD
_b10
_c20130110
_lUCH01
_h0002
590 _aBATCH-UPD
_b10
_c20130110
_lUCH01
_h0951
590 _aBATCH-UPD
_b10
_c20130409
_lUCH01
_h1936
590 _aBATCH-UPD
_b10
_c20130913
_lUCH01
_h1902
590 _aCONVERSION
_b10
_c20130109
_lUCH01
_h1307
650 1 4 _aDurazno
_xEnfermedades.
_934594
650 1 4 _aDurazno
_xMorelos.
_934617
901 _aBK
942 _cFOLL
949 _bBC
_cTES
_d-21966
_eTS1
_i10409
_si
949 _bBC
_cTES
_d-21967
_eTS2
_fc.2
_i10409
_si
949 _bBC
_cTES
_d-21968
_eTS2
_fc.3
_i10409
_si
999 _c10199
_d10199